Panamá: la coyuntura económica

Đã lưu trong:
Chi tiết về thư mục
Tác giả của công ty: CEPAL
Định dạng: Texto
Được phát hành: México D.F.: CEPAL
Các nhãn: Thêm thẻ
Không có thẻ, Là người đầu tiên thẻ bản ghi này!

MARC

LEADER 00000 a a2200000 04500
001 23729
003
040
090 |a 167200  
110 |a CEPAL  
245 |a Panamá: la coyuntura económica  
260 |a México D.F.:   |b CEPAL  
300 |a 83 p.  
999 |c 9320  |d 9320